000 00983cam a22002174a 4500
005 20250605164105.0
008 250528s ||||||||||||||||||||||||d
035 _a17712
020 _a9780781753197
040 _aGR-AtMCL
_bgre
_dGR-AtMCL
_eAACR2
245 1 _aBasic Clinical Neuroscience / Second Edition
250 _a2nd
260 _bWolter Kluwer Lippincott Wlliams & Wilkins,
_c2008
300 _a406
520 _aThis book offers medical and other health professions students a clinically oriented description of Neuroanatomy and Neurophysiology. Organization and Cellular Components and Topography of the CNS, Motor Systems, Sensory Systems, The Celebral Cortex and Limbic System, The Autonomic System, The Brainstem and Cranial Nerves, Accessory Components, Development and Aging and Plasticity, Where is the Lesion?, Appendices, Index.
700 1 _aTolbert Daniel L
_93898
700 1 _aYoung Paul A
_93899
942 _cBK
999 _c3113
_d3113